<?xml version="1.0" encoding="UTF-8" ?>
<collection xmlns="http://www.loc.gov/MARC21/slim"><record><leader>01438naa a2200313 nc4500</leader><controlfield tag="001">9345</controlfield><controlfield tag="003">Zü176</controlfield><controlfield tag="005">20150626061244.0</controlfield><datafield tag="010" ind1=" " ind2=" "><subfield code="a">  48452</subfield></datafield><datafield tag="019" ind1="1" ind2="0"><subfield code="a">9345</subfield></datafield><datafield tag="020" ind1=" " ind2=" "><subfield code="a">0-935640-42-8</subfield></datafield><datafield tag="035" ind1=" " ind2=" "><subfield code="a">(OCoLC)838286725</subfield></datafield><datafield tag="041" ind1=" " ind2=" "><subfield code="a">eng</subfield></datafield><datafield tag="100" ind1="1" ind2="0"><subfield code="a">Nauman, Bruce </subfield><subfield code="d">1941-</subfield></datafield><datafield tag="245" ind1="0" ind2="0"><subfield code="a">Bruce Nauman</subfield><subfield code="b">Museo Nacional Centro de Arte Reina Sofia, Madrid, 30.11.93-21.2.94, Walker Art Center, Minneapolis, 10.4.-19.6.94, The Museum of Contemporary Art, Los Angeles, 17.7.-25.9.94, Hirshorn Museum and Sculpture Garden, Washington, 3.11.94-29.1.95, The Museum of Modern Art, New York, 1.3.-23.5.95, Kunsthaus Zürich, 14.7.-8.10.95</subfield><subfield code="c">Ed.: Joan Simon</subfield><subfield code="h">Ausstellungskatalog</subfield><subfield code="n">[1]</subfield><subfield code="p">Katalog in engl.</subfield></datafield><datafield tag="250" ind1=" " ind2=" "><subfield code="a">1. ed.</subfield></datafield><datafield tag="260" ind1=" " ind2=" "><subfield code="a">Minneapolis</subfield><subfield code="b">Walker Art Center</subfield><subfield code="c">c1994</subfield></datafield><datafield tag="300" ind1=" " ind2=" "><subfield code="a">1 Bd.</subfield><subfield code="b">Ill.</subfield><subfield code="c">30 cm</subfield></datafield><datafield tag="600" ind1="1" ind2="4"><subfield code="a">Nauman, Bruce</subfield><subfield code="d">1997.05.24 - 1997.09.28</subfield><subfield code="v">Ausstellung</subfield></datafield><datafield tag="650" ind1="0" ind2="4"><subfield code="a">Video-Installation</subfield></datafield><datafield tag="651" ind1="0" ind2="4"><subfield code="a">Madrid</subfield><subfield code="x">Centro de Arte Reina Sofía &lt;Madrid&gt;</subfield><subfield code="y">1993.11.30 - 1994.02.21</subfield><subfield code="v">Ausstellung</subfield></datafield><datafield tag="651" ind1="0" ind2="4"><subfield code="a">Minneapolis &lt;Minn.&gt;</subfield><subfield code="x">Walker Art Center &lt;Minneapolis, Minn.&gt;</subfield><subfield code="y">1994.04.10 - 1994.06.19</subfield><subfield code="v">Ausstellung</subfield></datafield><datafield tag="651" ind1="0" ind2="4"><subfield code="a">Zürich</subfield><subfield code="x">Kunsthaus &lt;Zürich&gt;</subfield><subfield code="y">1995.07.14 - 1995.10.08</subfield><subfield code="v">Ausstellung</subfield></datafield><datafield tag="700" ind1="1" ind2="0"><subfield code="a">Simon, Joan</subfield><subfield code="e">Hrsg.</subfield></datafield><datafield tag="700" ind1="1" ind2="0"><subfield code="a">Halbreich, Kathy</subfield></datafield><datafield tag="710" ind1="2" ind2="0"><subfield code="a">Centro de Arte Reina Sofía &lt;Madrid&gt;</subfield></datafield><datafield tag="710" ind1="2" ind2="0"><subfield code="a">Walker Art Center &lt;Minneapolis, Minn.&gt;</subfield></datafield><datafield tag="710" ind1="2" ind2="0"><subfield code="a">Kunsthaus &lt;Zürich&gt;</subfield></datafield><datafield tag="852" ind1="4" ind2="0"><subfield code="a">CH-000273-5</subfield><subfield code="c">AK 95/752:1</subfield></datafield></record></collection>